El mosaico guatemalteco (2): Ciudadanos indígenas y procesos electorales /

Salvato in:
Dettagli Bibliografici
Autore principale: Sonnleitner, Willibald
Altri autori: dir
Natura: testo
Lingua:Spanish
Pubblicazione: Guatemala: Centro de Estudios Mexicanos y Centoamericanos. CEMCA
Tags: Aggiungi Tag
Nessun Tag, puoi essere il primo ad aggiungerne!!

MARC

LEADER 00000 a a2200000 04500
001 35579
003 cru CIDCACS/IIS
005 20170407122802.0
008 170407b xxu||||| |||| 00| 0 spa d
020 |a 968-6029-83-4  
040 |c CIDCACS/IIS 
090 |a 04.04.02 E96e  
100 |a Sonnleitner, Willibald  
245 |a El mosaico guatemalteco (2):  |b Ciudadanos indígenas y procesos electorales /  |c Willibald Sonnleitner  
260 |a Guatemala:   |b Centro de Estudios Mexicanos y Centoamericanos. CEMCA  
300 |a páginas 75-79  |b mapas 
700 |a dir.  
942 |2 ddc  |c LI 
773 0 |0 220  |9 622  |a Sonnleitner, Willibald   |d Guatemala: Centro de Estudios Mexicanos y Centoamericanos. CEMCA   |o 03485  |t Explorando los territorios del voto: hacia un atlas electoral de Centroamérica /  |w (cru CIDCACS/IIS)35579  |z 968-6029-83-4  
999 |c 19161  |d 19161